000 01226nam a2200301 i 4500
001 000048002
003 DO-SdBNP
005 20241113095221.0
007 ta
008 181012s2002 dr 000 0 spa d
020 _a9993487716
040 _aDO-SdBNP
_bspa
_cBNPHU
_erda
082 _axx
_bC531
_222
100 1 _aChez Checo, José,
_d1949-
_910145
245 1 0 _aSanto Domingo :
_belogio y memoria de la ciudad /
_cJosé Chez Checo, Marcio Veloz Maggiolo, Andrés L, Mateo. ; fotografías Julio Gonzalez
264 1 _aSanto Domingo :
_bMAP,
_c2002.
300 _a251 páginas
_c24 cm.
336 _atexto
_btxt
_2rdacontent
337 _asin mediación
_bn
_2rdamedia
338 _avolumen
_bnc
_2rdacarrier
490 1 _aPopular CODETEL
_v1
505 0 _aPresentación --
_tAmanecer y ocaso de la Villa de Santo Domingo /
_rJosé Chez Checo --
_tSanto Domingo, tradiciones , juegos y modernidad /
_rMarcio Veloz Maggiolo --
_tSanto Domingo en la literatura /
_rAndrés L. Mateo.
590 _aInventariado, 2018/VM
700 1 _4aut.
_aMateo, Andrés L.,
_d 1946-
_9776
_eautor
700 1 _4aut.
_aVeloz Maggiolo, Marcio,
_d1936-2021
_91104
_eautor
700 1 _4fot.
_aGonzález, Julio
_efotografías
_922913
942 _2ddc
_cLBS1
999 _c47490
_d47490